| 000 | 00373nam a2200145Ia 4500 | ||
|---|---|---|---|
| 008 | 230917s9999||||xx |||||||||||||| ||und|| | ||
| 040 |
_e84202 _aMAIN |
||
| 041 | _aEnglish | ||
| 082 | _a519.5 G162S | ||
| 100 | _aGarrett, Henry E | ||
| 245 | 0 | _aShiksha aur manovigyan mein sankhyiki ke prayog | |
| 260 |
_aLudhiana _bKalyani _c1994 |
||
| 300 | _axiii, 575 p. | ||
| 942 | _cBK | ||
| 999 |
_c94186 _d94186 |
||